[Event "13th EICC"]
[Site "Plovdiv BUL"]
[Date "2012.03.23"]
[Round "4.133"]
[White "Kjurkchiiski, Georgi"]
[Black "Georgiadis, Ioannis"]
[Result "0-1"]
[BlackTitle "IM"]
[WhiteElo "2266"]
[BlackElo "2435"]
[WhiteFideId "2901153"]
[BlackFideId "4208900"]
[EventDate "2012.03.20"]
[EventType "swiss"]

1. e4 e5 2. Nf3 Nc6 3. Bc4 Bc5 4. O-O Nf6 5. d3 d6 6. c3 a6 7. Bb3 Ba7 8. Nbd2
O-O 9. Nc4 Ne7 10. a4 Ng6 11. Re1 Be6 12. a5 h6 13. d4 Re8 14. d5 Bd7 15. Ba4
Bb5 16. Na3 Ng4 17. Be3 Nxe3 18. fxe3 Bxa4 19. Qxa4 Nh4 20. Qd1 f5 21. exf5 Nxf5
22. Nc2 Rf8 23. Ra4 Qd7 24. Rb4 Rab8 25. h3 Qf7 26. Rg4 c6 27. dxc6 bxc6 28. Kh1
Rxb2 29. e4 Ne7 30. Qc1 Ra2 31. Rf1 Qe6 32. Ne3 Rf4 33. Rxf4 exf4 34. Ng4 Ng6
35. Qb1 Qc4 36. Re1 Re2 37. Rxe2 Qxe2 38. Qb3+ Kf8 39. Qb7 Bc5 40. Qc8+ Ke7 41.
Qg8 Qxe4 42. Qxg7+ Kd8 43. Qxh6 Ne7 44. Qf8+ Kc7 45. Qf7 d5 46. Nf6 Qg6 47. Qe6
Qf5 48. Nd4 Qxe6 49. Nxe6+ Kd6 50. Nxf4 Be3 51. Ne2 c5 52. Ng4 Bd2 53. h4 Nf5
54. Nf2 Nxh4 55. g3 Nf3 56. Kg2 Ng5 57. g4 c4 58. Kg3 Ke5 59. Kh4 Ne4 60. Nxe4
Kxe4 61. g5 Kf5 62. Nd4+ Kg6 63. Ne6 Be3 64. Kg4 d4 65. cxd4 c3 0-1

[Event "13th EICC"]
[Site "Plovdiv BUL"]
[Date "2012.03.23"]
[Round "4.134"]
[White "Sharafiev, Azat"]
[Black "Sanal, Vahap"]
[Result "1/2-1/2"]
[WhiteTitle "IM"]
[BlackTitle "CM"]
[WhiteElo "2433"]
[BlackElo "2286"]
[WhiteFideId "4186214"]
[BlackFideId "6300545"]
[EventDate "2012.03.20"]
[EventType "swiss"]

1. d4 Nf6 2. c4 e6 3. g3 d5 4. Nf3 Bb4+ 5. Bd2 Bxd2+ 6. Nbxd2 O-O 7. Bg2 c6 8.
O-O Nbd7 9. Qc2 b6 10. e4 Ba6 11. e5 Ne8 12. Rfe1 Rc8 13. c5 bxc5 14. dxc5 Qa5
15. Ng5 g6 16. Rac1 Rb8 17. a3 Nc7 18. Nb1 Bb5 19. b4 Qa6 20. Qb3 Qb7 21. Nd2
Qa6 22. Qe3 Kg7 23. Ngf3 Qa4 24. Nd4 a5 25. Rb1 Ba6 26. Bf3 axb4 27. axb4 Bb5
28. Qc3 Qa6 29. Bg2 Ra8 30. f4 Kg8 31. g4 Rfb8 32. f5 Qc8 33. N2f3 Qd8 34. Qe3
Ra2 35. Qh6 Qf8 36. Qh4 h6 37. Kh1 Rba8 38. Bf1 R8a3 39. Bxb5 cxb5 40. Rf1 g5
41. Qh5 Qg7 42. Rbe1 Rb2 43. fxe6 fxe6 44. Nxb5 Nxb5 45. Qe8+ Nf8 46. Qxb5 Rab3
47. Qe8 Rxb4 48. Rc1 Rb8 49. Qc6 Qg6 50. Qa4 R8b4 51. Qd1 Rxg4 52. Nd2 Rd4 53.
Qf3 Rf4 54. Qc3 Rxf1+ 55. Rxf1 Rc2 56. Qf3 Nd7 57. Nb3 Rc4 58. Qe3 Re4 59. Qc3
Rc4 60. Qa5 Nf8 61. Nd2 Rc2 62. Qa8 Qg7 63. c6 Qe7 64. Nb3 Rc4 65. Nd4 Rxd4 66.
c7 Rc4 67. c8=Q Rxc8 68. Qxc8 Kg7 69. Rc1 Qb4 70. Qc7+ Kg8 71. Rf1 Qe4+ 72. Kg1
Qg4+ 73. Kh1 Qe4+ 74. Kg1 Qg4+ 75. Kh1 Qe4+ 76. Kg1 Qg4+ 1/2-1/2

[Event "13th EICC"]
[Site "Plovdiv BUL"]
[Date "2012.03.23"]
[Round "4.135"]
[White "Pantic, Ivica"]
[Black "Enchev, Ivajlo"]
[Result "0-1"]
[BlackTitle "IM"]
[WhiteElo "2242"]
[BlackElo "2432"]
[WhiteFideId "929395"]
[BlackFideId "2907712"]
[EventDate "2012.03.20"]
[EventType "swiss"]

1. Nf3 c5 2. c4 b6 3. g3 Bb7 4. Bg2 g6 5. d4 cxd4 6. Qxd4 Nf6 7. O-O Bg7 8. Nc3
O-O 9. Qh4 d6 10. Rd1 Nbd7 11. Be3 Rc8 12. Bh3 Bxf3 13. exf3 Ne5 14. Bg2 Nxc4
15. Bc1 Nd7 16. Rb1 Nxb2 17. Rxb2 Rxc3 18. Bg5 Bf6 19. Rb4 Qc7 20. Bxf6 Nxf6 21.
Qh6 Rc8 22. Rbb1 Qc5 23. a4 Rc2 24. Rf1 Qd4 25. Bh3 R8c5 26. Rbd1 Qxa4 27. Rfe1
Rh5 28. Qe3 Re5 29. Qd3 Rd5 30. Qf1 Rxd1 31. Rxd1 Qc4 32. Qe1 Qe2 33. Qxe2 Rxe2
34. Rc1 Nd5 35. Bf1 Rb2 36. Ba6 Kg7 37. f4 Nb4 38. Bb7 Rc2 39. Rb1 a5 40. Kg2 d5 0-1

[Event "13th EICC"]
[Site "Plovdiv BUL"]
[Date "2012.03.23"]
[Round "4.138"]
[White "Diermair, Andreas"]
[Black "Kumic, Filip"]
[Result "1-0"]
[WhiteTitle "IM"]
[WhiteElo "2416"]
[BlackElo "2247"]
[WhiteFideId "1612468"]
[BlackFideId "931373"]
[EventDate "2012.03.20"]
[EventType "swiss"]

1. Nf3 Nf6 2. g3 g6 3. b3 Bg7 4. Bb2 O-O 5. Bg2 d6 6. d4 c5 7. O-O cxd4 8. Nxd4
d5 9. c4 dxc4 10. bxc4 Qb6 11. Qb3 Nfd7 12. e3 Nc5 13. Qa3 Nc6 14. Nd2 Bf5 15.
N2b3 Nxb3 16. axb3 Rfe8 17. c5 Qc7 18. Nxf5 gxf5 19. Bxg7 Kxg7 20. b4 a6 21. Qd3
e6 22. e4 fxe4 23. Qxe4 f5 24. Qe3 h6 25. Rfd1 Rad8 26. Rxd8 Nxd8 27. Rd1 Nf7
28. Bf3 Re7 29. Rd6 Qc8 30. Rb6 Kg6 31. h4 Kh7 32. Bh5 Qd7 33. Bxf7 Rxf7 34.
Rxe6 Qd1+ 35. Kh2 Qh5 36. Qf4 Rf8 37. Re7+ 1-0

[Event "13th EICC"]
[Site "Plovdiv BUL"]
[Date "2012.03.23"]
[Round "4.139"]
[White "Baratosi, Daniel"]
[Black "Kigel, Dmytro"]
[Result "1/2-1/2"]
[WhiteTitle "IM"]
[BlackTitle "FM"]
[WhiteElo "2407"]
[BlackElo "2235"]
[WhiteFideId "1210351"]
[BlackFideId "14117932"]
[EventDate "2012.03.20"]
[EventType "swiss"]

1. e4 e5 2. Nf3 Nc6 3. Bc4 Bc5 4. c3 Nf6 5. d3 d6 6. Nbd2 O-O 7. Bb3 a6 8. O-O
Ba7 9. h3 h6 10. Re1 Nh5 11. Nf1 Qf6 12. Ne3 Nf4 13. Nd5 Nxd5 14. exd5 Ne7 15.
d4 exd4 16. Nxd4 Nf5 17. Nxf5 Bxf5 18. Be3 Bxe3 19. Rxe3 Rfe8 20. Qe2 Bd7 21.
Re1 Rxe3 22. Qxe3 Re8 23. Qd2 Rxe1+ 24. Qxe1 Qg5 25. Kh2 h5 26. Qe4 h4 27. Bd1
Kf8 28. Qc4 Qe5+ 29. f4 Qe1 30. Qxc7 Qg3+ 31. Kh1 Qe1+ 32. Kh2 Qg3+ 33. Kh1 Qe1+
34. Kh2 Qg3+ 35. Kh1 1/2-1/2

[Event "13th EICC"]
[Site "Plovdiv BUL"]
[Date "2012.03.23"]
[Round "4.140"]
[White "Hristodoulou, Panagiotis"]
[Black "Goumas, Georgios"]
[Result "0-1"]
[WhiteElo "2203"]
[BlackElo "2398"]
[WhiteFideId "4214340"]
[BlackFideId "4208935"]
[EventDate "2012.03.20"]
[EventType "swiss"]

1. e4 c5 2. Nf3 d6 3. d4 Nf6 4. Nc3 cxd4 5. Nxd4 a6 6. Bg5 e6 7. f4 Qb6 8. Qd2
Qxb2 9. Rb1 Qa3 10. f5 e5 11. Bxf6 gxf6 12. Nb3 Be7 13. Be2 Nd7 14. Nd5 Bd8 15.
O-O Nb6 16. Kh1 Bd7 17. Bh5 Bc6 18. Nc3 Nc4 19. Qh6 b5 20. Rf3 Ra7 21. Rg3 b4
22. Nd5 Bxd5 23. exd5 Qxa2 24. Re1 Qxc2 25. Qg7 Rf8 26. Nd4 Qd2 27. Rd1 Qxd1+
28. Bxd1 exd4 29. Ba4+ Ke7 30. Qxh7 Bb6 31. Qg7 Ne5 32. h4 d3 33. h5 Bf2 34. Rg6
Nxg6 35. fxg6 b3 36. Bxb3 Rb7 37. gxf7 Rxb3 38. Qg4 Rb1+ 39. Kh2 Re1 40. Qc4
Bg1+ 41. Kh3 Bc5 42. Qxa6 Kxf7 43. Qb7+ Re7 44. Qb2 Rg8 45. Kh2 Rxg2+ 0-1

[Event "13th EICC"]
[Site "Plovdiv BUL"]
[Date "2012.03.23"]
[Round "4.141"]
[White "Nedilko, Vasily"]
[Black "Hristodorescu, Daniel"]
[Result "1-0"]
[WhiteTitle "IM"]
[BlackTitle "FM"]
[WhiteElo "2392"]
[BlackElo "2212"]
[WhiteFideId "14101459"]
[BlackFideId "1203100"]
[EventDate "2012.03.20"]
[EventType "swiss"]

1. d4 Nf6 2. c4 g6 3. g3 Bg7 4. Bg2 O-O 5. Nc3 d6 6. Nf3 c6 7. e4 Qa5 8. Bd2 Qa6
9. Qe2 Bg4 10. h3 Bxf3 11. Bxf3 Nfd7 12. Be3 c5 13. dxc5 Ne5 14. cxd6 Nxf3+ 15.
Qxf3 Qxc4 16. dxe7 Re8 17. Rc1 Nc6 18. Nd5 Qd3 19. Rd1 Qa6 20. Qe2 Qa4 21. Bg5
Nd4 22. Qd3 Ne6 23. Bf6 Rac8 24. O-O Kh8 25. b3 Qxa2 26. Rc1 Qa3 27. Rxc8 Rxc8
28. Qc3 Re8 29. Ra1 Qd6 30. Rxa7 Qb8 31. Qa1 h5 32. Bxg7+ Nxg7 33. Nf6 1-0

[Event "13th EICC"]
[Site "Plovdiv BUL"]
[Date "2012.03.23"]
[Round "4.142"]
[White "Senetia, Teodor"]
[Black "Abdulov, Orkhan"]
[Result "0-1"]
[BlackTitle "IM"]
[WhiteElo "2188"]
[BlackElo "2387"]
[WhiteFideId "1217160"]
[BlackFideId "13402714"]
[EventDate "2012.03.20"]
[EventType "swiss"]

1. e4 g6 2. d4 Bg7 3. Nc3 c6 4. Nf3 d5 5. h3 Nf6 6. e5 Ne4 7. Nxe4 dxe4 8. Ng5
c5 9. dxc5 Qa5+ 10. c3 Qxc5 11. Be3 Qxe5 12. Qa4+ Bd7 13. Qxe4 Qxe4 14. Nxe4 Bc6
15. Nd2 Nd7 16. Rg1 O-O 17. Nb3 b6 18. Ba6 Rad8 19. O-O-O Nf6 20. Rxd8 Rxd8 21.
Be2 e5 22. g4 Nd5 23. Bd2 e4 24. c4 Nc7 25. Be3 Ne6 26. g5 Be5 27. Bg4 Nf4 28.
Kc2 Ba4 29. h4 Nd3 30. Rd1 Re8 31. Be2 Nxb2 32. Rb1 Nxc4 33. Bxc4 Rc8 34. Re1
Rxc4+ 35. Kb1 f5 36. gxf6 Bxf6 37. Bg5 Kf7 38. Re3 Be5 39. a3 Ke6 40. Nd2 Bc2+
41. Ka2 Rd4 42. Re1 Kf5 43. Nf1 Ke6 44. Ne3 Ba4 45. Ng4 Bg7 46. f3 Rc4 47. Ne3
Rc3 48. fxe4 Bd4 49. Re2 Rc1 0-1

[Event "13th EICC"]
[Site "Plovdiv BUL"]
[Date "2012.03.23"]
[Round "4.143"]
[White "Scekic, Veljko"]
[Black "Novkovic, Milan"]
[Result "0-1"]
[BlackTitle "IM"]
[WhiteElo "2186"]
[BlackElo "2381"]
[WhiteFideId "940020"]
[BlackFideId "1613103"]
[EventDate "2012.03.20"]
[EventType "swiss"]

1. d4 d5 2. Nf3 Nf6 3. g3 e6 4. Bg2 b5 5. O-O c5 6. a4 b4 7. c4 bxc3 8. Nxc3 Be7
9. dxc5 Bxc5 10. e4 Ba6 11. Re1 Ng4 12. Nd4 Nxf2 13. Kxf2 Qf6+ 14. Qf3 Bxd4+ 15.
Be3 Bxe3+ 16. Rxe3 d4 17. Qxf6 dxe3+ 18. Kxe3 gxf6 19. e5 Nd7 20. Bxa8 Nxe5 21.
b4 Ke7 22. Bg2 Rd8 23. Rd1 Nc4+ 24. Kf2 Rxd1 25. Nxd1 Nd6 26. Nc3 Bc4 27. Ke3 e5
28. g4 f5 29. gxf5 Nxf5+ 30. Kd2 Nd6 31. Bc6 Kd8 32. b5 Kc7 33. Ne4 f5 34. Nf6
Bb3 35. a5 Bc4 36. Ne8+ Nxe8 37. Bxe8 f4 38. h4 e4 39. Bc6 e3+ 40. Ke1 a6 0-1

[Event "13th EICC"]
[Site "Plovdiv BUL"]
[Date "2012.03.23"]
[Round "4.145"]
[White "Braun, Christian2"]
[Black "Sofranov, Velizar"]
[Result "1/2-1/2"]
[WhiteTitle "FM"]
[WhiteElo "2372"]
[BlackElo "2198"]
[WhiteFideId "4692098"]
[BlackFideId "2906465"]
[EventDate "2012.03.20"]
[EventType "swiss"]

1. e4 e5 2. Nf3 Nc6 3. Bb5 a6 4. Bxc6 dxc6 5. O-O f6 6. d4 Bg4 7. c3 Bd6 8. Be3
Ne7 9. Nbd2 b5 10. h3 Bh5 11. Qc2 h6 12. c4 exd4 13. Nxd4 Qd7 14. N4b3 Be2 15.
Rfe1 Bd3 16. Qd1 O-O 17. Nc5 Bxc5 18. Bxc5 Rfd8 19. cxb5 cxb5 20. Qb3+ Kh8 21.
Rad1 Ng6 22. Nf3 Qc6 23. Rxd3 Rxd3 24. Qxd3 Qxc5 25. Qd2 Qe7 26. Qd5 Rd8 27. Qf5
Ne5 28. Rc1 Nxf3+ 29. Qxf3 Qe5 30. Qa3 Qxe4 31. Qxa6 Qf4 32. Rf1 Qb4 33. Qc6
Qxb2 34. Qxc7 Ra8 35. Qb7 Rxa2 36. Qc8+ Kh7 37. Qf5+ Kh8 38. Qc8+ Kh7 39. Qf5+
Kh8 40. Qc8+ Kh7 1/2-1/2

[Event "13th EICC"]
[Site "Plovdiv BUL"]
[Date "2012.03.23"]
[Round "4.148"]
[White "Gaehwiler, Gabriel"]
[Black "Cioara, Andrei-Nestor"]
[Result "1/2-1/2"]
[BlackTitle "IM"]
[WhiteElo "2260"]
[BlackElo "2477"]
[WhiteFideId "1314530"]
[BlackFideId "1203509"]
[EventDate "2012.03.20"]
[EventType "swiss"]

1. d4 Nf6 2. Nf3 e6 3. g3 c5 4. Bg2 cxd4 5. O-O d5 6. Nxd4 Be7 7. c4 O-O 8. cxd5
exd5 9. Nc3 Nc6 10. Nb3 Be6 11. Bg5 Rc8 12. Bxf6 Bxf6 13. Nxd5 Bxb2 14. Rb1 Ba3
15. Nf4 Bc4 16. Bxc6 bxc6 17. Qc2 Bb5 18. Rfd1 Qf6 19. Nd4 Bd6 20. Nh5 Qh6 21.
Nxg7 Bxg3 22. hxg3 Qxg7 23. Nf5 Qe5 24. f4 Ba4 25. Nh6+ Kg7 26. Qxa4 Qe3+ 27.
Kf1 Kxh6 28. Rd6+ Kg7 29. Qd4+ Qxd4 30. Rxd4 Rfd8 31. Rxd8 Rxd8 32. Rb7 a5 33.
Rb6 Rd2 34. Rxc6 Rxa2 35. Ra6 f5 36. Kf2 h5 37. Ra7+ Kg6 38. Ra6+ Kg7 39. Ra7+ 1/2-1/2

[Event "13th EICC"]
[Site "Plovdiv BUL"]
[Date "2012.03.23"]
[Round "4.152"]
[White "Makka, Ioulia"]
[Black "Pacher, Milan"]
[Result "0-1"]
[WhiteTitle "WIM"]
[BlackTitle "IM"]
[WhiteElo "2152"]
[BlackElo "2402"]
[WhiteFideId "4205316"]
[BlackFideId "14907445"]
[EventDate "2012.03.20"]
[EventType "swiss"]

1. e4 c5 2. Nf3 Nc6 3. d4 cxd4 4. Nxd4 Nf6 5. Nc3 e5 6. Ndb5 d6 7. Bg5 a6 8. Na3
b5 9. Nd5 Be7 10. Bxf6 Bxf6 11. c4 b4 12. Nc2 O-O 13. Be2 a5 14. O-O Bg5 15. Bg4
Be6 16. b3 Rb8 17. h3 Qd7 18. Nde3 Nd4 19. Nxd4 exd4 20. Nc2 Bxg4 21. Qxg4 Qxg4
22. hxg4 d3 23. Ne1 Rfe8 24. f3 d2 25. Nc2 Bf6 26. Rad1 Bc3 27. Rf2 h5 28. gxh5
f5 29. Ne3 0-1

[Event "13th EICC"]
[Site "Plovdiv BUL"]
[Date "2012.03.23"]
[Round "4.152"]
[White "Makka, Ioulia"]
[Black "Pacher, Milan"]
[Result "0-1"]
[WhiteTitle "WIM"]
[BlackTitle "IM"]
[WhiteElo "2152"]
[BlackElo "2402"]
[WhiteFideId "4205316"]
[BlackFideId "14907445"]
[EventDate "2012.03.20"]
[EventType "swiss"]

1. e4 c5 2. Nf3 Nc6 3. d4 cxd4 4. Nxd4 Nf6 5. Nc3 e5 6. Ndb5 d6 7. Bg5 a6 8. Na3
b5 9. Nd5 Be7 10. Bxf6 Bxf6 11. c4 b4 12. Nc2 O-O 13. Be2 a5 14. O-O Bg5 15. Bg4
Be6 16. f3 Rb8 17. b3 Qd7 18. Nce3 Nd4 0-1

[Event "13th EICC"]
[Site "Plovdiv BUL"]
[Date "2012.03.23"]
[Round "4.155"]
[White "Pantev, Veselin"]
[Black "Arnaudov, Petar"]
[Result "1-0"]
[WhiteTitle "FM"]
[WhiteElo "2379"]
[BlackElo "2149"]
[WhiteFideId "2901390"]
[BlackFideId "2901706"]
[EventDate "2012.03.20"]
[EventType "swiss"]

1. d4 Nf6 2. Nf3 b5 3. Bg5 Ne4 4. Bf4 Bb7 5. e3 a6 6. Be2 e6 7. Nbd2 Be7 8. Nxe4
Bxe4 9. O-O d6 10. Nd2 Bb7 11. a4 b4 12. c3 a5 13. e4 Nd7 14. Bd3 e5 15. Be3 O-O
16. Qe2 c5 17. dxe5 Nxe5 18. Bb5 Bf6 19. Rfd1 Qc7 20. Rac1 bxc3 21. bxc3 Rad8
22. Bf4 Bc6 23. Bxe5 Bxe5 24. Bxc6 Qxc6 25. Qc4 d5 26. exd5 Qxd5 27. Qxd5 Rxd5
28. Ne4 Rfd8 29. Rxd5 Rxd5 30. c4 Rd3 31. Nxc5 Ra3 32. Na6 Kf8 33. c5 Ke7 34. c6
Kd8 35. f4 Ra1 36. Rxa1 Bxa1 37. Kf2 Ke7 38. Ke3 Kd6 39. c7 Kd7 40. Kd3 Bb2 41.
Kc4 Bc1 42. f5 Be3 43. Kb5 Bg1 44. h3 Bf2 45. Kxa5 Bd4 46. Kb5 Bf2 47. Kc4 Be1
48. Kd5 Bg3 49. c8=Q+ Kxc8 50. Kc6 Bf4 51. Nb4 Bd2 52. Nd5 Kd8 53. Kd6 Be1 54.
Nb6 h5 55. Nd5 h4 56. Nb6 Bd2 57. Nc4 Bb4+ 58. Kd5 Kc7 59. Ne5 f6 60. Nf3 1-0

[Event "13th EICC"]
[Site "Plovdiv BUL"]
[Date "2012.03.23"]
[Round "4.156"]
[White "Duzhakov, Ilya"]
[Black "Cherednichenko, Elena"]
[Result "1/2-1/2"]
[WhiteTitle "FM"]
[BlackTitle "WFM"]
[WhiteElo "2316"]
[BlackElo "2130"]
[WhiteFideId "4192516"]
[BlackFideId "14105560"]
[EventDate "2012.03.20"]
[EventType "swiss"]

1. d4 d5 2. c4 e6 3. Nc3 Be7 4. cxd5 exd5 5. Bf4 c6 6. e3 Bd6 7. Bg3 Ne7 8. Bd3
Bf5 9. Nge2 O-O 10. O-O Bxg3 11. Nxg3 Bxd3 12. Qxd3 Nd7 13. Rae1 Qc7 14. f3 Rfe8
15. e4 f6 16. Re2 Rad8 17. Rfe1 dxe4 18. Rxe4 Ne5 19. Qe2 N5g6 20. f4 Nxf4 21.
Qe3 Nfg6 22. h4 Rf8 23. Qf2 Nc8 24. h5 Nge7 25. R4e2 Qd7 26. Qe3 Nf5 27. Nxf5
Qxf5 28. h6 Qg5 29. hxg7 Qxe3+ 30. Rxe3 Kxg7 31. Ne2 f5 32. Rh3 Rd6 33. Nf4 Kh8
34. Kf2 b6 35. Re5 Kg8 36. Ke3 h6 37. Rh5 Rdf6 38. Rh3 Nd6 39. b3 Ne4 40. d5 Ng5
41. Rh4 Kg7 42. Rh1 cxd5 43. Rxd5 Re8+ 44. Kd3 Re7 45. Rc1 Rff7 46. Rc6 Ne4 47.
b4 Nf2+ 48. Kc3 Rc7 49. b5 Ne4+ 50. Kd4 Rcd7 51. Rxd7 Rxd7+ 52. Ke5 Ng3 53. a4 1/2-1/2

[Event "13th EICC"]
[Site "Plovdiv BUL"]
[Date "2012.03.23"]
[Round "4.158"]
[White "Videnova, Iva"]
[Black "Ojagverdiyev, Zaur"]
[Result "1/2-1/2"]
[WhiteTitle "WGM"]
[WhiteElo "2301"]
[BlackElo "2050"]
[WhiteFideId "2907763"]
[BlackFideId "13402846"]
[EventDate "2012.03.20"]
[EventType "swiss"]

1. e4 c6 2. Ne2 d5 3. e5 Qc7 4. d4 Bf5 5. Ng3 Bg6 6. h4 h6 7. h5 Bh7 8. e6 fxe6
9. f4 Nd7 10. Bd3 Bxd3 11. Qxd3 O-O-O 12. O-O Ngf6 13. Re1 Qd6 14. b3 Ne4 15.
Nxe4 dxe4 16. Qe3 Nf6 17. c3 Qd5 18. Nd2 Qxh5 19. Nxe4 Nd5 20. Qf2 g5 21. f5 Bg7
22. Nc5 Nc7 23. Nxe6 Nxe6 24. Rxe6 Qg4 25. Bb2 Bf6 26. Rf1 h5 27. Qe2 Qxe2 28.
Rxe2 h4 29. Ba3 Rh7 1/2-1/2

[Event "13th EICC"]
[Site "Plovdiv BUL"]
[Date "2012.03.23"]
[Round "4.160"]
[White "Bozinovic, Boban"]
[Black "Voiteanu, Gabriel"]
[Result "0-1"]
[WhiteTitle "CM"]
[BlackTitle "FM"]
[WhiteElo "2105"]
[BlackElo "2275"]
[WhiteFideId "929697"]
[BlackFideId "1208810"]
[EventDate "2012.03.20"]
[EventType "swiss"]

1. d4 Nf6 2. Nf3 g6 3. g3 Bg7 4. Bg2 O-O 5. O-O d5 6. Re1 c5 7. c3 Qb6 8. dxc5
Qxc5 9. Be3 Qc7 10. Bf4 Qb6 11. Qb3 Nbd7 12. Nbd2 Nc5 13. Qxb6 axb6 14. Be5 Re8
15. Bd4 Nfe4 16. Bxg7 Kxg7 17. a3 Na4 18. Nxe4 dxe4 19. Nd2 f5 20. Rab1 Be6 21.
f3 Rad8 22. Nf1 Ba2 23. Rbc1 exf3 24. Bxf3 Bd5 25. Bxd5 Rxd5 26. c4 Rd4 27. b4
Rc8 28. Ne3 e5 29. Red1 Nb2 30. Rxd4 exd4 31. Rc2 dxe3 32. Rxb2 Rxc4 33. Rb3 Re4
34. Rd3 Kf6 35. Kg2 g5 36. Rd6+ Re6 37. Rd7 h5 38. Rh7 g4 39. Rxh5 Rc6 40. h3
Rc2 41. hxg4 fxg4 42. Rh6+ Ke5 43. Rxb6 Rxe2+ 44. Kf1 Rf2+ 45. Ke1 Ra2 46. Rxb7
Ke4 47. Re7+ Kf3 48. Rf7+ Kxg3 49. b5 Rxa3 50. Ke2 Rb3 51. Rf5 Kg2 52. Re5 g3
53. Rg5 Kh2 54. b6 0-1

[Event "13th EICC"]
[Site "Plovdiv BUL"]
[Date "2012.03.23"]
[Round "4.161"]
[White "Mihopoulos, Konstantinos"]
[Black "Galopoulos, Nikolaos"]
[Result "0-1"]
[WhiteElo "1951"]
[BlackElo "2430"]
[WhiteFideId "4217110"]
[BlackFideId "4208951"]
[EventDate "2012.03.20"]
[EventType "swiss"]

1. c4 Nf6 2. g3 e6 3. Nf3 d5 4. Bg2 dxc4 5. Qa4+ c6 6. Qxc4 b5 7. Qc2 Bb7 8. d4
Nbd7 9. Ne5 Qb6 10. O-O c5 11. Nxd7 Nxd7 12. Bxb7 Qxb7 13. dxc5 Bxc5 14. Rd1 Rc8
15. Qd2 Nf6 16. Qf4 O-O 17. Nc3 b4 18. Na4 Be7 19. b3 Rc2 20. Bd2 Qb5 21. Qf3 h6
22. Qd3 Qxd3 23. exd3 Nd5 24. Kf1 Bf6 25. Rac1 Rxa2 26. Rc4 a5 27. Rc5 Bd4 28.
Rxa5 Nc3 29. Bxc3 bxc3 30. Rh5 Rxf2+ 31. Ke1 c2 32. Rc1 Rg2 33. Rh4 Be3 0-1

[Event "13th EICC"]
[Site "Plovdiv BUL"]
[Date "2012.03.23"]
[Round "4.162"]
[White "Mindlin, Alon"]
[Black "Safronov, Kirill"]
[Result "1-0"]
[WhiteElo "2186"]
[BlackElo "2017"]
[WhiteFideId "2800071"]
[BlackFideId "24141976"]
[EventDate "2012.03.20"]
[EventType "swiss"]

1. d4 d5 2. c4 dxc4 3. e3 e5 4. Bxc4 Nc6 5. Nf3 exd4 6. exd4 Bb4+ 7. Nc3 Nf6 8.
O-O O-O 9. h3 Bxc3 10. bxc3 Bf5 11. Ba3 Re8 12. Re1 Rxe1+ 13. Qxe1 a6 14. Ne5
Nxe5 15. dxe5 Ne4 16. Rd1 Qe8 17. Bb3 Rd8 18. Rd4 Nd6 19. g4 Bg6 20. Bxd6 cxd6
21. f4 h5 22. f5 Bh7 23. Qh4 Rc8 24. Rxd6 Kh8 25. e6 f6 26. Qe1 Qb5 27. Qe3 hxg4
28. e7 Qe8 29. hxg4 1-0

[Event "13th EICC"]
[Site "Plovdiv BUL"]
[Date "2012.03.23"]
[Round "4.163"]
[White "Levine, Yonatan"]
[Black "Ilic, Slobodan S"]
[Result "1/2-1/2"]
[WhiteElo "2016"]
[BlackElo "2160"]
[WhiteFideId "2802082"]
[BlackFideId "912883"]
[EventDate "2012.03.20"]
[EventType "swiss"]

1. e4 c5 2. Nf3 e6 3. d3 Nc6 4. g3 d6 5. Bg2 Nf6 6. O-O Be7 7. c3 O-O 8. a4 h6
9. Na3 Qc7 10. Re1 Ne5 11. Nxe5 dxe5 12. Nc4 Nd7 13. a5 Rd8 14. Bd2 Rb8 15. b4
b5 16. axb6 axb6 17. b5 Bb7 18. Qe2 Ra8 19. Bh3 Nf8 20. f4 Bf6 21. f5 Rxa1 22.
Rxa1 Bc8 23. Rf1 Nh7 24. fxe6 Bxe6 25. Bxe6 fxe6 26. Rb1 Rd7 27. Rf1 Qd8 28. Rf3
Rb7 29. Qf1 Ra7 30. Qb1 Ra4 31. Qb3 Ra1+ 32. Kg2 Qc7 33. Rf1 Ra8 34. Qb1 Qa7 35.
Rf2 Rd8 36. Rf3 Bg5 37. Bxg5 Nxg5 38. Rf2 Qc7 39. h4 Nh7 40. Rf3 Ra8 1/2-1/2

[Event "13th EICC"]
[Site "Plovdiv BUL"]
[Date "2012.03.23"]
[Round "4.164"]
[White "Slavov, Hristo"]
[Black "Pogosian, Vladimir"]
[Result "0-1"]
[WhiteElo "1812"]
[BlackElo "2153"]
[WhiteFideId "2911345"]
[BlackFideId "13301586"]
[EventDate "2012.03.20"]
[EventType "swiss"]

1. g3 f5 2. Bg2 Nf6 3. d3 e5 4. Bg5 Bc5 5. Nf3 Nc6 6. O-O d6 7. Nc3 h6 8. Bd2
O-O 9. Na4 Bb6 10. c3 Qe8 11. Re1 g5 12. Nxb6 axb6 13. e4 f4 14. gxf4 gxf4 15.
d4 Qh5 16. Kh1 Kh8 17. d5 Ne7 18. Ng1 Ng4 19. Nh3 f3 20. Bf1 Qxh3 21. Bxh3 Nxf2+
22. Kg1 Nxd1 23. Rexd1 Bxh3 24. Kf2 Kh7 25. Kg3 Bg2 26. Be3 Ng6 27. h4 Nf4 28.
b4 Rg8+ 29. Kf2 Nh3+ 30. Ke1 Rg4 0-1

[Event "13th EICC"]
[Site "Plovdiv BUL"]
[Date "2012.03.23"]
[Round "4.165"]
[White "Andok, Claus Michael"]
[Black "Porfireanu, Serban"]
[Result "1-0"]
[WhiteElo "2116"]
[BlackElo "1892"]
[WhiteFideId "24602000"]
[BlackFideId "1208632"]
[EventDate "2012.03.20"]
[EventType "swiss"]

1. c4 Nf6 2. Nc3 e5 3. g3 d6 4. Bg2 g6 5. e4 Bg7 6. Nge2 O-O 7. O-O Nc6 8. h3
Ne7 9. d3 Ne8 10. d4 Be6 11. b3 Qc8 12. Kh2 c6 13. Ba3 Qc7 14. f4 f5 15. fxe5
dxe5 16. d5 Rd8 17. Qc1 Bc8 18. c5 cxd5 19. exd5 Qd7 20. h4 a6 21. Bb2 Nf6 22.
d6 Nc6 23. Qd1 Kh8 24. a3 e4 1-0

[Event "13th EICC"]
[Site "Plovdiv BUL"]
[Date "2012.03.23"]
[Round "4.167"]
[White "Ljangov, Petar"]
[Black "Meyes, Richard"]
[Result "1-0"]
[WhiteElo "2089"]
[BlackElo "1786"]
[WhiteFideId "2901277"]
[BlackFideId "12932833"]
[EventDate "2012.03.20"]
[EventType "swiss"]

1. e4 c5 2. Nf3 d6 3. Nc3 a6 4. g3 Nc6 5. Bg2 g6 6. O-O Bg7 7. d3 Nf6 8. h3 O-O
9. Be3 Nd7 10. Qd2 Nd4 11. Bh6 Nxf3+ 12. Bxf3 Ne5 13. Bg2 Bxh3 14. Bxg7 Kxg7 15.
Nd5 Bd7 16. d4 cxd4 17. Qxd4 f6 18. f4 Nc6 19. Qe3 b5 20. Rad1 Rb8 21. Rd2 b4
22. c3 bxc3 23. Qxc3 Re8 24. Rfd1 Qa5 25. Nxf6 Qb6+ 26. Kh2 exf6 27. Rxd6 Qxb2
28. Rxd7+ Ne7 29. Qc7 Kf8 30. R1d2 Qb6 31. R2d6 Qb2 32. e5 Rbc8 33. Rxf6+ Kg8
34. Qd6 Rc6 35. Rxe7 Rxd6 36. Rxe8+ Kg7 37. Rxd6 Qxa2 38. Re7+ Kh6 39. Rdd7 Kh5
40. Kh3 g5 41. Rxh7+ Kg6 42. Be4# 1-0